|
|
|
|
| LEADER |
00000cam a2200000 7i4500 |
| 001 |
0000083855 |
| 005 |
20190715.0 |
| 008 |
190715 |
| 020 |
|
|
|a 9786024335182
|
| 041 |
0 |
|
|a Malay
|
| 090 |
0 |
0 |
|a 899.231
|b SHA
|
| 100 |
0 |
|
|a Shamsudin Othman ,
|d 1966-
|
| 245 |
1 |
0 |
|a Segugus percakapan cinta di bawah matahari :
|b antologi dua penyair Malaysia-Indonesia
|c Shamsudin Othman, D. Zawawi Imron
|
| 260 |
|
|
|a Indonesia :
|b Yayasan Pustaka Obor Indonesia ,
|c 2017
|
| 300 |
|
|
|a 153p. ;
|c 23cm.
|
| 541 |
0 |
0 |
|c Purchased on 2019
|f 2019/501 KZB
|h RM25.00
|
| 650 |
|
0 |
|a Malay poetry
|
| 700 |
0 |
|
|a Imron, D. Zawawi
|
| 999 |
|
|
|a 0001583399
|b Book
|c Adult Collection
|e Cawangan Sri Merlong
|
| 999 |
|
|
|a 0001583400
|b Book
|c Adult Collection
|e Cawangan Segamat
|
| 999 |
|
|
|a 0001583401
|b Book
|c Adult Collection
|e Cawangan Mersing
|
| 999 |
|
|
|a 0001583402
|b Book
|c Adult Collection
|e Cawangan Tangkak
|
| 999 |
|
|
|a 0001583403
|b Book
|c Adult Collection
|e Cawangan Bandar Penawar
|
| 999 |
|
|
|a 0001583404
|b Book
|c Adult Collection
|e Cawangan Bukit Gambir
|
| 999 |
|
|
|a 0001583405
|b Book
|c Adult Collection
|e Cawangan Bandar Tenggara
|
| 999 |
|
|
|a 0001583406
|b Book
|c Adult Collection
|e Cawangan Taman Sri Lambak
|
| 999 |
|
|
|a 0001583407
|b Book
|c Adult Collection
|e Cawangan Pontian
|
| 999 |
|
|
|a 0001583408
|b Book
|c Adult Collection
|e Cawangan Batu Pahat
|
| 999 |
|
|
|a 0001583410
|b Book
|c Adult Collection
|e Cawangan Kota Tinggi
|
| 999 |
|
|
|a 0001583411
|b Book
|c Adult Collection
|e Cawangan Tmn. Ungku Tun Aminah
|
| 999 |
|
|
|a 0001583560
|b Book
|c Adult Collection
|e Perbadanan Perpustakaan Awam Johor
|
| 999 |
|
|
|a 0001583561
|b Book
|c Adult Collection
|e Perbadanan Perpustakaan Awam Johor
|
| 999 |
|
|
|a 0001583562
|b Book
|c Adult Collection
|e Cawangan Urban Transformation Centre
|
| 999 |
|
|
|a 0001583563
|b Book
|c Adult Collection
|e Cawangan AEON Kulaijaya
|